Náklady ako súčasť oceňovania zásob vytvorených vlastnou činnosťou

Problematika oceňovania zásob, ktoré vytvára účtovná jednotka vlastnou činnosťou. V podmienkach štátnej správy vytvára zásoby úzky okruh špecifických účtovných jednotiek. Väčšina štátnych rozpočtových organizácií a štátnych príspevkových organizácia obstaráva zásoby dodávateľsky – nákupom.

Gespeichert in:
Bibliographische Detailangaben
1. Verfasser: Wittgruberová, Adriana
Format: Buchkapitel
Schlagworte:
Tags: Tag hinzufügen
Keine Tags, Fügen Sie das erste Tag hinzu!

MARC

LEADER 00000naa a2200000 4500
001 0177445
005 20240221132342.6
044 |a SK 
245 1 0 |a Náklady ako súčasť oceňovania zásob vytvorených vlastnou činnosťou  |c Adriana Wittgruberová 
520 |a Problematika oceňovania zásob, ktoré vytvára účtovná jednotka vlastnou činnosťou. V podmienkach štátnej správy vytvára zásoby úzky okruh špecifických účtovných jednotiek. Väčšina štátnych rozpočtových organizácií a štátnych príspevkových organizácia obstaráva zásoby dodávateľsky – nákupom. 
610 2 0 |a oceňovanie 
610 2 0 |a zásoby 
610 2 0 |a jednotka účtovná 
610 2 0 |a organizácie rozpočtové 
610 2 0 |a organizácie príspevkové 
100 1 |a Wittgruberová, Adriana